MARC

LEADER 00000nam a22000007a 4500
005 20130304161125.0
007 cr|||| ||||
008 130304e2013 sp |||||s|||| 00||0 spa d
020 |a 978-84-15613-91-6 
035 |a 7058 
040 |a vLex 
090 |c 3818  |d 3818 
245 0 0 |a Casos prc̀ticos para el Grado de Derecho  |h [Recurso electrn̤ico] 
256 |a Servicio en ln̕ea 
260 |a Alicante :  |b Editorial Club Universitario,   |c 2013  
300 |a 1 Recurso electrn̤ico 
506 |d vLex Global  |d vLex Global (Academic Edition, excluding Law Schools)  |d vLex Global (U.S. Academic Edition, Law Schools)  |d vLex Global (U.S. Academic Edition, excluding Law Schools)  |d vLex Global (Academic Edition, Law Schools) 
650 0 4 |a Historia del Derecho 
650 0 4 |a Derecho administrativo 
650 0 4 |a Derecho penal 
650 0 4 |a Derecho eclesis̀tico del Estado 
650 0 4 |a Derecho civil 
650 0 4 |a Derecho mercantil 
650 0 4 |a Derecho tributario 
650 0 4 |a Derecho procesal 
650 0 4 |a Derecho del trabajo y Seguridad Social 
650 0 4 |a Derecho internacional 
740 |a vLex Libros (Servicio en ln̕ea) 
856 |a Acceso restringido  |u http://www.vlex.com/source/7058 
942 |c BOOK 
999 0 |a Law